000
00281nam a22001217a 4500
008
260225b ||||| |||| 00| 0 eng d
041
_a
eng
080
_a
2.1
100
_a
20.1
101
_a
Ngjarje
245
_a
A Narrative About War and Freedom
_c
Bardh Hamzaj
942
_2
lcc
_c
BK
999
_c
60855
_d
60855